00385nam a2200157Ia 4500003000400000008004100004040001600045082001300061100001900074245002900093260003400122300001000156490002400166650001500190650002200205GCL140319s9999 xx 000 0 eng d aGCL / cGCL04a843bJ K1 aJULES, ROMAINS10aKNOCK / cJULES, ROMAINS a[S.N] : bGALLIMARD ، c1995 a152 P aCOLLECTION FOLIOv004aLITERATURE04aFRENCH LITERATURE